000 00516nam a2200181Ia 4500
003 GCL
008 140319s9999 xx 000 0 ara d
040 _aGCL /
_cGCL
082 0 4 _a813.03
_bف ت
100 1 _aفوزية رشيد
245 1 0 _aتحولات الفارس الغريب فى البلاد العارية /
_cفوزية رشيد
300 _a279 ص
490 _a
650 0 4 _aالادب العربى
650 0 4 _aالعصر الحديث
650 0 4 _aالقصص العربية
942 _2ddc
_cBK
999 _c43978
_d43978